Principles of auditing and other assurance services / (Record no. 4299)

MARC details
000 -LEADER
fixed length control field 01317cam a22001694a 4500
020 ## - INTERNATIONAL STANDARD BOOK NUMBER
ISBN 0072822732 (alk. paper)
050 00 - CALL NUMBER
Classification number HF5667
Item number .W39
100 1# - AUTHOR
Personal name Whittington, Ray,
245 10 - TITLE
Title Principles of auditing and other assurance services /
Statement of responsibility, etc O. Ray Whittington, Kurt Pany.
250 ## - EDITION
Edition statement 14th ed.
260 ## - PUBLICATION INFORMATION
Place of publication Boston :
Name of publisher McGraw-Hill/Irwin,
Year of publication 2004.
300 ## - DESCRIPTION
Number of Pages xxvii, 763 p. :
Other physical details ill. ;
Dimensions 26 cm.
505 ## - FORMATTED CONTENTS NOTE
Table of Content 1. The Role of the Public Accountant in the American Economy --<br/>2. Professional Standards --<br/>3. Professional Ethics --<br/>4. Legal Liability of CPAs --<br/>5. Audit Evidence and Documentation --<br/>6. Planning the Audit --<br/>7. Internal Control --<br/>8. Consideration of Internal Control in a Computer Environment --<br/>9. Audit Sampling --<br/>10. Cash and Financial Investments --<br/>11. Accounts Receivable, Notes Receivable, and Revenue --<br/>12. Inventories and Cost of Goods Sold --<br/>13. Property, Plant, and Equipment: Depreciation and Depletion --<br/>14. Accounts Payable and Other Liabilities --<br/>15. Debt and Equity Capital --<br/>16. Auditing Operations and Completing the Audit --<br/>17. Auditors' Reports --<br/>18. Special Reports and Accounting and Review Services --<br/>19. Other Assurance Services --<br/>20. Internal, Operational, and Compliance Auditing.
650 #0 - SUBJECTS
Topical Term Auditing.
700 1# - OTHER AUTHORS
Personal name Pany, Kurt.
942 ## - ADDED ENTRY ELEMENTS (KOHA)
Koha item type Books
Holdings
Withdrawn status Lost status Home library Current library Shelving location Date acquired Full call number Accession Number Koha item type
    Methodist University Library Tema Methodist University Library Tema General Stacks 30/03/2006 HF5667 .W39 21172 Books
    Methodist University Library Tema Methodist University Library Tema General Stacks 30/03/2006 HF5667 .W39 21169 Books
    Methodist University Library Tema Methodist University Library Tema General Stacks 30/03/2006 HF5667 .W39 12674 Books
    Methodist University Library Tema Methodist University Library Tema General Stacks 30/03/2006 HF5667 .W39 12675 Books
Copyright © 2026  MUG Library